[Event "Kuppenheim op g/5"]
[Site "Kuppenheim"]
[Date "2003.05.24"]
[Round "41"]
[White "Hofrichter, Jens"]
[Black "McShane, Luke J"]
[Result "0-1"]
[WhiteElo "2156"]
[BlackElo "2592"]
[PlyCount "72"]
[EventDate "2003.05.24"]
[EventType "simul (blitz)"]
[EventRounds "56"]
[EventCountry "GER"]
[SourceTitle "CBM 094 Extra"]
[Source "ChessBase"]
[SourceDate "2003.07.09"]
[SourceVersion "2"]
[SourceVersionDate "2003.07.09"]
[SourceQuality "1"]

1. e4 c5 2. Nf3 Nc6 3. d4 cxd4 4. Nxd4 Nf6 5. Nc3 e5 6. Ndb5 d6 7. Nd5 Nxd5 8. exd5 Ne7 9. c4 Ng6 10. Be2 Be7 11. 0-0 a6 12. Nc3 0-0 13. Be3 f5 14. f3 f4 15. Bf2 Bh4 16. Bd3 Bxf2+ 17. Rxf2 Nh4 18. Ne4 Nf5 19. Rc1 Ne3 20. Qb3 b6 21. Qa3 Bf5 22. b4 a5 23. bxa5 Rxa5 24. Qb4 Qc7 25. Rb1 Bxe4 26. fxe4 Ra6 27. Qb5 Rfa8 28. Qc6 Qd8 29. c5 Rxa2 30. cxb6 Rxf2 31. Kxf2 Ra2+ 32. Be2 f3 33. gxf3 Qh4+ 34. Kxe3 Qh6+ 35. Kf2 Qxh2+ 36. Ke3 Qxe2# 0-1

[Event "Bodensee-Cup 9th"]
[Site "Pfullendorf"]
[Date "2003.05.04"]
[Round "3.12"]
[White "Hofrichter, Jens"]
[Black "Hindermann, Felix"]
[Result "1/2-1/2"]
[WhiteElo "2156"]
[BlackElo "2184"]
[PlyCount "106"]
[EventDate "2003.05.02"]
[EventType "team-tourn"]
[EventRounds "3"]
[EventCountry "GER"]
[SourceTitle "CBM 094 Extra"]
[Source "ChessBase"]
[SourceDate "2003.07.09"]
[SourceVersion "2"]
[SourceVersionDate "2003.07.09"]
[SourceQuality "1"]

1. e4 e6 2. d4 d5 3. Nc3 Bb4 4. e5 c5 5. a3 Ba5 6. b4 cxd4 7. Nb5 Bc7 8. f4 a5 9. Bd2 Nh6 10. Nxd4 Nc6 11. Ngf3 Nxd4 12. Nxd4 Bxe5 13. Bb5+ Bd7 14. Bxd7+ Kxd7 15. c3 Bxd4 16. Qa4+ Ke7 17. cxd4 Qd7 18. b5 Rhc8 19. 0-0 Rc4 20. Qd1 Nf5 21. a4 Rxd4 22. Qe1 h5 23. Bxa5 Re4 24. Bb4+ Ke8 25. Qd2 Rc8 26. Rfe1 Rxe1+ 27. Rxe1 Rc4 28. Rc1 Qc7 29. Rxc4 Qxc4 30. Qc3 Qxc3 31. Bxc3 Kd7 32. Kf2 f6 33. Ke2 Nd6 34. Kd3 Ne4 35. Bb4 e5 36. fxe5 fxe5 37. Bf8 g6 38. Ke3 Nd6 39. Kd3 Nc4 40. Kc3 Ke6 41. Bc5 Kf5 42. Kb4 b6 43. Bxb6 Nxb6 44. a5 Ke6 45. Kc5 Na4+ 46. Kc6 d4 47. a6 d3 48. a7 d2 49. a8Q d1Q 50. Qe8+ Kf6 51. Qf8+ Ke6 52. Qe8+ Kf6 53. Qf8+ Ke6 1/2-1/2

[Event "Baden VLS 0203"]
[Site "Baden"]
[Date "2003.02.09"]
[Round "6.1"]
[White "Hofrichter, Jens"]
[Black "Khurtsidze, Nino"]
[Result "0-1"]
[WhiteElo "2156"]
[BlackElo "2455"]
[PlyCount "118"]
[EventDate "2002.10.13"]
[EventType "team-tourn"]
[EventRounds "9"]
[EventCountry "GER"]
[SourceTitle "EXT 2022"]
[Source "ChessBase"]
[SourceDate "2021.10.06"]
[SourceVersion "1"]
[SourceVersionDate "2021.10.06"]
[SourceQuality "1"]
[WhiteTeam "Waldkirch"]
[BlackTeam "Oos II"]
[WhiteTeamCountry "GER"]
[BlackTeamCountry "GER"]

1. e4 c5 2. Nf3 e6 3. d4 cxd4 4. Nxd4 a6 5. Bd3 Nf6 6. 0-0 d6 7. c4 b6 8. Nc3 Bb7 9. Be3 Nbd7 10. f3 Rc8 11. Rc1 Be7 12. Qe2 0-0 13. Bb1 Re8 14. f4 Qc7 15. g4 Nc5 16. Bf2 d5 17. e5 Nfe4 18. cxd5 Nxf2 19. Qxf2 exd5 20. Nce2 Qd8 21. Bf5 Rc7 22. Qe3 Ne4 23. Rxc7 Qxc7 24. Rc1 Qd8 25. Qh3 g6 26. e6 Nf6 27. exf7+ Kxf7 28. Be6+ Kg7 29. g5 Nh5 30. Qc3 Kf8 31. Qc7 Qxc7 32. Rxc7 Bc5 33. Kf1 Re7 34. Rxe7 Kxe7 35. f5 a5 36. f6+ Kf8 37. Nf3 Ba6 38. Bg4 Nf4 39. Ne5 Bd4 40. Nd7+ Ke8 41. Nb8 Bxe2+ 42. Bxe2 Nxe2 43. Kxe2 Bxb2 44. Nc6 Kd7 45. Ne7 Ke6 46. Kd3 Be5 47. h4 Bg3 48. Ke3 Bxh4 49. Kf4 Be1 50. Nc6 Bd2+ 51. Kg4 Be3 52. Nd8+ Kd7 53. Nf7 b5 54. Kf3 Bc1 55. Kg4 a4 56. Ne5+ Ke6 57. Nc6 Be3 58. Nb4 Bc5 59. Nd3 Bd6 0-1

[Event "Baden-ch U20"]
[Site "Bad Mergentheim"]
[Date "2003.01.03"]
[Round "3"]
[White "Hofrichter, Jens"]
[Black "Ehrenfried, Stefan"]
[Result "1-0"]
[WhiteElo "2156"]
[BlackElo "2177"]
[PlyCount "53"]
[EventDate "2003.01.??"]
[EventType "swiss"]
[EventRounds "7"]
[EventCountry "GER"]
[SourceTitle "EXT 2005"]
[Source "ChessBase"]
[SourceDate "2004.11.15"]
[SourceVersion "1"]
[SourceVersionDate "2004.11.15"]
[SourceQuality "1"]

1. Nf3 Nf6 2. d4 e6 3. g3 d5 4. Bg2 c5 5. 0-0 Nc6 6. c3 Be7 7. Re1 0-0 8. Nbd2 cxd4 9. cxd4 Bd7 10. b3 Rc8 11. a3 Qb6 12. Bb2 a5 13. Rc1 a4 14. b4 Na7 15. Ne5 Bb5 16. e4 dxe4 17. Nxe4 Nd5 18. Rxc8 Rxc8 19. Nc5 Rd8 20. Nxf7 Kxf7 21. Rxe6 Qxe6 22. Nxe6 Kxe6 23. Qg4+ Kd6 24. Qxg7 Nc6 25. Qxh7 Rd7 26. Bxd5 Kxd5 27. Qf5+ 1-0

[Event "Baden-ch U20"]
[Site "Bad Mergentheim"]
[Date "2003.01.02"]
[Round "1"]
[White "Hofrichter, Jens"]
[Black "Vogelbacher, Georg"]
[Result "1-0"]
[WhiteElo "2156"]
[BlackElo "1865"]
[PlyCount "99"]
[EventDate "2003.01.??"]
[EventType "swiss"]
[EventRounds "7"]
[EventCountry "GER"]
[SourceTitle "EXT 2005"]
[Source "ChessBase"]
[SourceDate "2004.11.15"]
[SourceVersion "1"]
[SourceVersionDate "2004.11.15"]
[SourceQuality "1"]

1. e4 e6 2. d4 d5 3. Nc3 Bb4 4. e5 c5 5. a3 Bxc3+ 6. bxc3 Ne7 7. Nf3 Nbc6 8. Be2 0-0 9. 0-0 Bd7 10. Rb1 Qc7 11. Re1 Na5 12. Bd3 h6 13. dxc5 Qxc5 14. Be3 Qc7 15. Bd4 Nc4 16. Qc1 Rfb8 17. h3 Qa5 18. Ra1 Nf5 19. Nh2 Nxd4 20. cxd4 Qd2 21. Qxd2 Nxd2 22. f4 Rc8 23. Ng4 Rc7 24. Ne3 Rac8 25. f5 Nc4 26. Bxc4 dxc4 27. c3 Ba4 28. Ra2 Rd8 29. Rf1 Bb3 30. Raf2 b5 31. fxe6 fxe6 32. g3 Rb7 33. Ng2 a5 34. Nf4 Re8 35. Ng6 b4 36. axb4 axb4 37. h4 Ba4 38. cxb4 Rxb4 39. Rf8+ Kh7 40. Rxe8 Bxe8 41. Nf8+ Kg8 42. Nxe6 c3 43. Rf8+ Kh7 44. Rxe8 c2 45. Rc8 Rb1+ 46. Kf2 c1Q 47. Rxc1 Rxc1 48. d5 Kg6 49. d6 Rd1 50. d7 1-0

[Event "Bayern-chI Bank Hofmann 6th"]
[Site "Bad Wiessee"]
[Date "2002.11.03"]
[Round "9"]
[White "Hofrichter, Jens"]
[Black "Koscielski, Janusch"]
[Result "1/2-1/2"]
[WhiteElo "2157"]
[BlackElo "2287"]
[PlyCount "66"]
[EventDate "2002.10.26"]
[EventType "swiss"]
[EventRounds "9"]
[EventCountry "GER"]
[SourceTitle "EXT 2003"]
[Source "ChessBase"]
[SourceDate "2002.11.25"]
[SourceVersion "1"]
[SourceVersionDate "2002.11.25"]
[SourceQuality "1"]

1. e4 c5 2. Nf3 e6 3. d3 Nc6 4. g3 d5 5. Nbd2 Bd6 6. Bg2 Nge7 7. 0-0 0-0 8. Re1 f6 9. exd5 exd5 10. d4 c4 11. Nb1 Bg4 12. Nc3 Qd7 13. Ne2 g5 14. c3 Rae8 15. Nd2 Bc7 16. Nf1 Bh3 17. Bh1 Ng6 18. Ne3 Nce7 19. b3 b5 20. Ba3 Rf7 21. Bxe7 Nxe7 22. a4 f5 23. Nc1 f4 24. Nxd5 fxg3 25. hxg3 Qf5 26. Ra2 Nxd5 27. Rxe8+ Kg7 28. Be4 Qd7 29. Qh5 Qxe8 30. Qxh7+ Kf8 31. Qh6+ Rg7 32. Qh8+ Rg8 33. Qh6+ Rg7 1/2-1/2

[Event "Bayern-chI Bank Hofmann 6th"]
[Site "Bad Wiessee"]
[Date "2002.11.01"]
[Round "7"]
[White "Hofrichter, Jens"]
[Black "Stoeber, Michael"]
[Result "0-1"]
[WhiteElo "2157"]
[BlackElo "2296"]
[PlyCount "94"]
[EventDate "2002.10.26"]
[EventType "swiss"]
[EventRounds "9"]
[EventCountry "GER"]
[SourceTitle "EXT 2003"]
[Source "ChessBase"]
[SourceDate "2002.11.25"]
[SourceVersion "1"]
[SourceVersionDate "2002.11.25"]
[SourceQuality "1"]

1. e4 d6 2. d4 Nf6 3. Nc3 g6 4. Bf4 Nbd7 5. Nf3 Bg7 6. Qd2 c6 7. Bh6 0-0 8. h4 e5 9. Bxg7 Kxg7 10. 0-0-0 Qe7 11. g3 b5 12. Re1 Bb7 13. Bg2 Rfe8 14. dxe5 dxe5 15. h5 Nxh5 16. Rxh5 gxh5 17. Nh4 Kh8 18. Nf5 Qe6 19. Nd6 Reb8 20. Rh1 Nf8 21. Bh3 Qf6 22. f4 Kg8 23. Bf5 Qh6 24. fxe5 Qxd2+ 25. Kxd2 Ng6 26. Ke3 Nxe5 27. b3 Kf8 28. Kd4 f6 29. Kc5 Nf7 30. Nxb7 Rxb7 31. Kxc6 Rab8 32. Nd5 Ne5+ 33. Kc5 Kg7 34. Rxh5 h6 35. Nf4 Rc7+ 36. Kd4 Rxc2 37. Ne6+ Kf7 38. Rxh6 Rd2+ 39. Ke3 Rd3+ 40. Ke2 Ke7 41. Nf4 Rxg3 42. Nd5+ Kd6 43. Rxf6+ Kc5 44. Nf4 Rh8 45. Be6 Rh2+ 46. Kf1 Rf3+ 47. Kg1 Rhf2 0-1

[Event "Baden VLS 0203"]
[Site "Baden"]
[Date "2002.10.13"]
[Round "1.1"]
[White "Hofrichter, Jens"]
[Black "Xheladini, Mahmut"]
[Result "0-1"]
[WhiteElo "2156"]
[BlackElo "2246"]
[PlyCount "60"]
[EventDate "2002.10.13"]
[EventType "team-tourn"]
[EventRounds "9"]
[EventCountry "GER"]
[SourceTitle "EXT 2022"]
[Source "ChessBase"]
[SourceDate "2021.10.06"]
[SourceVersion "1"]
[SourceVersionDate "2021.10.06"]
[SourceQuality "1"]
[WhiteTeam "Waldkirch"]
[BlackTeam "Dreilaendereck"]
[WhiteTeamCountry "GER"]
[BlackTeamCountry "GER"]

1. e4 c6 2. d4 d6 3. Bd3 e5 4. Ne2 Nf6 5. 0-0 Be7 6. c4 Nbd7 7. b3 Nf8 8. Bb2 Ng6 9. Na3 Nh5 10. Nc2 Nhf4 11. Ne3 Bf6 12. d5 c5 13. Nc1 a6 14. b4 cxb4 15. Qa4+ b5 16. Qxb4 0-0 17. cxb5 Nxd3 18. Nxd3 axb5 19. Nc2 Ra4 20. Qe1 Qe8 21. Ncb4 Bd8 22. Nc6 f5 23. Ndb4 fxe4 24. Qxe4 Nf4 25. g3 Bf5 26. Qe3 Qg6 27. Kh1 Bh3 28. Rg1 Nh5 29. f4 Bb6 30. Qxb6 Qe4+ 0-1

[Event "DLM U20"]
[Site "Werfen"]
[Date "2002.07.29"]
[Round "2.2"]
[White "Ries, Benjamin"]
[Black "Hofrichter, Jens"]
[Result "1/2-1/2"]
[WhiteElo "2074"]
[BlackElo "2156"]
[PlyCount "97"]
[EventDate "2002.07.28"]
[EventType "team-swiss"]
[EventRounds "7"]
[EventCountry "GER"]
[SourceTitle "CBM 089 Extra"]
[Source "ChessBase"]
[SourceDate "2002.09.10"]
[SourceVersion "2"]
[SourceVersionDate "2002.09.10"]
[SourceQuality "1"]

1. Nf3 Nf6 2. c4 g6 3. b3 Bg7 4. Bb2 c5 5. g3 Nc6 6. Bg2 d6 7. 0-0 0-0 8. d3 e5 9. Nc3 Ne8 10. Ne1 Be6 11. e3 Qd7 12. Bh1 Bh3 13. Ng2 f5 14. Nd5 Nf6 15. Nxf6+ Bxf6 16. f4 exf4 17. Bxf6 Rxf6 18. gxf4 Qe7 19. Qd2 Re8 20. Rf3 Bxg2 21. Bxg2 Re6 22. Re1 Qf6 23. Rg3 R6e7 24. Bd5+ Kh8 25. Rb1 Rg7 26. Qb2 Qxb2 27. Rxb2 Nb4 28. Rd2 Nxd5 29. cxd5 a5 30. Re2 Rge7 31. Kf2 a4 32. bxa4 Ra8 33. e4 Rxa4 34. Rge3 Kg7 35. Kf3 Rd4 36. exf5 Rxe3+ 37. Rxe3 gxf5 38. Re7+ Kg8 39. Ke3 b5 40. Rb7 b4 41. h4 Rxd5 42. h5 h6 43. Rb8+ Kg7 44. Rb7+ Kg8 45. Rd7 Rd4 46. Re7 Rd5 47. Re6 Kg7 48. Rg6+ Kh7 49. Rf6 1/2-1/2

[Event "Baden-ch"]
[Site "Waldshut"]
[Date "2002.04.05"]
[Round "8"]
[White "Hofrichter, Jens"]
[Black "Scherer, Max"]
[Result "0-1"]
[WhiteElo "2125"]
[BlackElo "2306"]
[PlyCount "66"]
[EventDate "2002.03.29"]
[EventType "swiss"]
[EventRounds "9"]
[EventCountry "GER"]
[SourceTitle "EXT 2003"]
[Source "ChessBase"]
[SourceDate "2002.11.25"]
[SourceVersion "1"]
[SourceVersionDate "2002.11.25"]
[SourceQuality "1"]

1. e4 e6 2. d4 b6 3. Bd3 Bb7 4. Nf3 c5 5. c3 Nf6 6. Qe2 Be7 7. 0-0 Nc6 8. a3 a5 9. Nbd2 d5 10. e5 Nd7 11. b3 Qc7 12. Bb2 a4 13. Bb5 axb3 14. c4 dxc4 15. Nxc4 0-0 16. Rac1 Rfd8 17. Rfd1 Na7 18. Nd6 Bd5 19. Bd3 Nf8 20. Qe3 Bxd6 21. exd6 Qxd6 22. dxc5 bxc5 23. Rxc5 Nc6 24. Be4 Ne7 25. h4 f6 26. h5 Ra4 27. Bxd5 Nxd5 28. Qxb3 Rg4 29. Rc4 Rb8 30. Rb4 Rbxb4 31. axb4 Rxb4 32. Qc2 Qb8 33. h6 Rxb2 0-1

[Event "Baden-ch"]
[Site "Waldshut"]
[Date "2002.03.31"]
[Round "3"]
[White "Hofrichter, Jens"]
[Black "Ketterer, Christian"]
[Result "0-1"]
[WhiteElo "2125"]
[BlackElo "2276"]
[PlyCount "110"]
[EventDate "2002.03.29"]
[EventType "swiss"]
[EventRounds "9"]
[EventCountry "GER"]
[SourceTitle "EXT 2003"]
[Source "ChessBase"]
[SourceDate "2002.11.25"]
[SourceVersion "1"]
[SourceVersionDate "2002.11.25"]
[SourceQuality "1"]

1. e4 e5 2. Nf3 Nc6 3. Bb5 a6 4. Ba4 Nf6 5. 0-0 Be7 6. Re1 b5 7. Bb3 0-0 8. d3 d6 9. c3 Na5 10. Bc2 c5 11. Nbd2 Qc7 12. Nf1 Bb7 13. Ng3 g6 14. Bg5 Rfe8 15. Qd2 Nc6 16. h4 h5 17. Rac1 Nd8 18. d4 Ne6 19. d5 Nxg5 20. Nxg5 Nh7 21. Nf3 Qd8 22. a4 Bxh4 23. Nxh4 Qxh4 24. Qe2 c4 25. b3 cxb3 26. Bxb3 bxa4 27. Bxa4 Rec8 28. Rb1 Qe7 29. Rb3 Rc7 30. Reb1 Kg7 31. Qxh5 Bxd5 32. exd5 gxh5 33. Nf5+ Kf6 34. Nxe7 Kxe7 35. Bc6 Raa7 36. Ra1 Nf6 37. Ra4 Nd7 38. Rh4 Nc5 39. Ra3 Nd7 40. Rxh5 Nb8 41. f4 Nxc6 42. dxc6 Ke6 43. fxe5 dxe5 44. Kf2 Rxc6 45. Ke2 a5 46. Kd3 Rc5 47. Rh8 f5 48. Re8+ Kf6 49. Rd8 Rg7 50. Ra8 Rg3+ 51. Kc2 Rxg2+ 52. Kd3 Rg3+ 53. Kd2 e4 54. R8xa5 Rd3+ 55. Kc2 Rdxc3+ 0-1

[Event "Baden VLS 0102"]
[Site "Germany"]
[Date "2002.01.27"]
[Round "6.1"]
[White "Hofrichter, Jens"]
[Black "Goldstern, Filip Daniel"]
[Result "0-1"]
[WhiteElo "2113"]
[BlackElo "2386"]
[PlyCount "66"]
[EventDate "2001.09.30"]
[EventType "team"]
[EventRounds "9"]
[EventCountry "GER"]
[SourceTitle "EXT 2003"]
[Source "ChessBase"]
[SourceDate "2002.11.25"]
[SourceVersion "1"]
[SourceVersionDate "2002.11.25"]
[SourceQuality "1"]
[WhiteTeam "Waldkirch II"]
[BlackTeam "Gottmadingen"]
[WhiteTeamCountry "GER"]
[BlackTeamCountry "GER"]

1. e4 c5 2. Nf3 e6 3. d4 cxd4 4. Nxd4 a6 5. Bd3 Nf6 6. 0-0 d6 7. c4 g6 8. Nc3 Bg7 9. Be3 0-0 10. Qe2 b6 11. Rfd1 Bb7 12. f3 Nbd7 13. a4 Nc5 14. b4 Nxd3 15. Qxd3 Qc7 16. Nb3 Rac8 17. Nd2 d5 18. exd5 exd5 19. c5 bxc5 20. Bxc5 Nd7 21. Nb3 Nxc5 22. Nxc5 a5 23. Nb5 Qb6 24. Kh1 Bxa1 25. Rxa1 Rfd8 26. Nxb7 Qxb7 27. bxa5 d4 28. h3 Qa6 29. Rd1 Qxa5 30. Qb3 Ra8 31. Kg1 Qxa4 32. Qxa4 Rxa4 33. Kf1 Rb8 0-1

[Event "Baden VLS 0102"]
[Site "Germany"]
[Date "2002.01.13"]
[Round "5.1"]
[White "Kaenel, Hansjuerg"]
[Black "Hofrichter, Jens"]
[Result "1-0"]
[WhiteElo "2441"]
[BlackElo "2113"]
[PlyCount "75"]
[EventDate "2001.09.30"]
[EventType "team"]
[EventRounds "9"]
[EventCountry "GER"]
[SourceTitle "EXT 2003"]
[Source "ChessBase"]
[SourceDate "2002.11.25"]
[SourceVersion "1"]
[SourceVersionDate "2002.11.25"]
[SourceQuality "1"]
[WhiteTeam "Dreisamtal"]
[BlackTeam "Waldkirch II"]
[WhiteTeamCountry "GER"]
[BlackTeamCountry "GER"]

1. Nf3 Nf6 2. e3 g6 3. b4 Bg7 4. Bb2 d6 5. d4 0-0 6. Be2 Nfd7 7. c4 c5 8. a3 e6 9. 0-0 Nc6 10. Qb3 Qe7 11. Rd1 b6 12. Nc3 Bb7 13. d5 Nd8 14. dxe6 fxe6 15. Nb5 Nf7 16. Bxg7 Kxg7 17. Nxd6 Nxd6 18. Qd3 Rf7 19. Qxd6 Qf6 20. Ra2 Rc8 21. Qxd7 Rxd7 22. Rxd7+ Kh8 23. Rxb7 Rd8 24. bxc5 bxc5 25. Rxa7 Qc3 26. g3 Qb3 27. Rd2 Rxd2 28. Nxd2 Qc2 29. Rd7 Qc1+ 30. Bf1 Qxa3 31. Ne4 Kg8 32. Nf6+ Kf8 33. Nxh7+ Ke8 34. Nf6+ Kf8 35. h4 Qa1 36. Ne4 Qe5 37. Ng5 Ke8 38. Rb7 1-0

[Event "Baden-ch U18"]
[Site "Schoeneck"]
[Date "2002.01.04"]
[Round "5"]
[White "Haas, Michael"]
[Black "Hofrichter, Jens"]
[Result "1/2-1/2"]
[WhiteElo "1978"]
[BlackElo "2129"]
[PlyCount "25"]
[EventDate "2002.01.??"]
[EventType "swiss"]
[EventRounds "7"]
[EventCountry "GER"]
[SourceTitle "EXT 2003"]
[Source "ChessBase"]
[SourceDate "2002.11.25"]
[SourceVersion "1"]
[SourceVersionDate "2002.11.25"]
[SourceQuality "1"]

1. e4 c5 2. Nf3 Nc6 3. d4 cxd4 4. Nxd4 Nf6 5. Nc3 d6 6. Be2 e5 7. Nb3 Be7 8. Be3 Be6 9. 0-0 0-0 10. f4 exf4 11. Bxf4 d5 12. exd5 Nxd5 13. Nxd5 1/2-1/2

[Event "Baden-ch U18"]
[Site "Schoeneck"]
[Date "2002.01.03"]
[Round "3"]
[White "Wehner, Roland"]
[Black "Hofrichter, Jens"]
[Result "1/2-1/2"]
[WhiteElo "2011"]
[BlackElo "2129"]
[PlyCount "41"]
[EventDate "2002.01.??"]
[EventType "swiss"]
[EventRounds "7"]
[EventCountry "GER"]
[SourceTitle "EXT 2003"]
[Source "ChessBase"]
[SourceDate "2002.11.25"]
[SourceVersion "1"]
[SourceVersionDate "2002.11.25"]
[SourceQuality "1"]

1. e4 c6 2. d4 d5 3. exd5 cxd5 4. Bd3 Nc6 5. c3 g6 6. Bf4 Bg7 7. Nf3 Nh6 8. Qc1 Nf5 9. 0-0 0-0 10. Bxf5 Bxf5 11. Bh6 f6 12. Re1 Qd7 13. Bxg7 Kxg7 14. Qf4 Rae8 15. Nbd2 Bg4 16. Qg3 Rf7 17. h3 Bxf3 18. Nxf3 Qf5 19. Rad1 Qd7 20. Rd2 e6 21. Rde2 1/2-1/2

[Event "Bayern-chI Bank Hofmann 5th"]
[Site "Bad Wiessee"]
[Date "2001.11.03"]
[Round "8"]
[White "Ortmann, David"]
[Black "Hofrichter, Jens"]
[Result "1/2-1/2"]
[WhiteElo "2251"]
[BlackElo "2139"]
[PlyCount "70"]
[EventDate "2001.10.27"]
[EventType "swiss"]
[EventRounds "9"]
[EventCountry "GER"]
[SourceTitle "EXT 2003"]
[Source "ChessBase"]
[SourceDate "2002.11.25"]
[SourceVersion "1"]
[SourceVersionDate "2002.11.25"]
[SourceQuality "1"]

1. Nf3 Nf6 2. c4 e6 3. Nc3 d5 4. d4 Be7 5. Bf4 0-0 6. e3 a6 7. c5 Nc6 8. Rb1 Bd7 9. b4 b5 10. Bd3 Nh5 11. 0-0 Nxf4 12. exf4 g6 13. Bc2 Bf6 14. Ne5 Be8 15. Qd3 Ne7 16. Rfe1 Bg7 17. Re2 f6 18. Nf3 Bf7 19. h4 h5 20. Rbe1 Nf5 21. Nd1 Re8 22. Ne3 Nh6 23. Nf1 c6 24. N1d2 Qc7 25. g3 a5 26. a3 a4 27. Nf1 Re7 28. Qd1 Rae8 29. Qb1 Nf5 30. Ne3 Bh6 31. Nxf5 exf5 32. Rxe7 Rxe7 33. Rxe7 Qxe7 34. Kf1 Kf8 35. Qe1 Qd7 1/2-1/2

[Event "Bayern-chI Bank Hofmann 5th"]
[Site "Bad Wiessee"]
[Date "2001.11.01"]
[Round "6"]
[White "Gottschling, Stefan"]
[Black "Hofrichter, Jens"]
[Result "1-0"]
[WhiteElo "2274"]
[BlackElo "2139"]
[PlyCount "93"]
[EventDate "2001.10.27"]
[EventType "swiss"]
[EventRounds "9"]
[EventCountry "GER"]
[SourceTitle "EXT 2003"]
[Source "ChessBase"]
[SourceDate "2002.11.25"]
[SourceVersion "1"]
[SourceVersionDate "2002.11.25"]
[SourceQuality "1"]

1. e4 c5 2. Nf3 d6 3. d4 cxd4 4. Nxd4 Nf6 5. Nc3 Nc6 6. f3 e6 7. Be3 Be7 8. Qd2 0-0 9. g4 d5 10. g5 Nxd4 11. Bxd4 Nd7 12. h4 e5 13. Bf2 d4 14. Nd5 Nb6 15. Nxe7+ Qxe7 16. Bd3 Be6 17. f4 exf4 18. Bxd4 Rfd8 19. c3 Nc4 20. Qxf4 Nxb2 21. Be2 Bd5 22. 0-0 Qxe4 23. Qxe4 Bxe4 24. Rf4 Bd5 25. Rb1 Nc4 26. Bxc4 Bxc4 27. Rxb7 Bxa2 28. Rxa7 Rxa7 29. Bxa7 Rc8 30. Ra4 Be6 31. Bd4 h6 32. gxh6 gxh6 33. Kf2 Kh7 34. h5 Rg8 35. Bf6 Rg4 36. Rb4 Rg8 37. Ke3 Bg4 38. Rb5 Re8+ 39. Kf4 Bxh5 40. Rxh5 Kg6 41. Re5 Rc8 42. Rf5 h5 43. Bd4 Rc6 44. Rg5+ Kh6 45. Rg8 Rc7 46. Kf5 f6 47. Rh8+ 1-0

[Event "Baden OL 0102"]
[Site "Germany"]
[Date "2001.10.07"]
[Round "1.6"]
[White "Berberich, Christoph"]
[Black "Hofrichter, Jens"]
[Result "0-1"]
[WhiteElo "2096"]
[BlackElo "2113"]
[PlyCount "68"]
[EventDate "2001.10.07"]
[EventType "team"]
[EventRounds "9"]
[EventCountry "GER"]
[SourceTitle "EXT 2003"]
[Source "ChessBase"]
[SourceDate "2002.11.25"]
[SourceVersion "1"]
[SourceVersionDate "2002.11.25"]
[SourceQuality "1"]
[WhiteTeam "Freiburg"]
[BlackTeam "Waldkirch"]
[WhiteTeamCountry "GER"]
[BlackTeamCountry "GER"]

1. d4 d5 2. Nf3 Nf6 3. c4 e6 4. e3 c5 5. cxd5 exd5 6. Nc3 Nc6 7. Be2 a6 8. 0-0 Bd6 9. b3 cxd4 10. Nxd4 0-0 11. Nxc6 bxc6 12. Bb2 Qc7 13. h3 Qe7 14. Na4 Bc7 15. Bd3 Re8 16. Bd4 Qd6 17. f4 Ne4 18. Bxe4 Rxe4 19. Nc5 Re8 20. Qf3 Bf5 21. Qg3 f6 22. Rfc1 Reb8 23. Na4 Ba5 24. Rc5 Bb4 25. Rcc1 Rb5 26. Bb2 Re8 27. Nc3 Rb7 28. Kh2 Rbe7 29. Re1 Bc5 30. Nd1 d4 31. exd4 Rxe1 32. dxc5 Qxc5 33. Nf2 R1e3 34. Qh4 Re2 0-1

[Event "Baden VLS 0102"]
[Site "Germany"]
[Date "2001.09.30"]
[Round "1.1"]
[White "Papa, Severin"]
[Black "Hofrichter, Jens"]
[Result "1/2-1/2"]
[WhiteElo "2164"]
[BlackElo "2113"]
[PlyCount "138"]
[EventDate "2001.09.30"]
[EventType "team"]
[EventRounds "9"]
[EventCountry "GER"]
[SourceTitle "EXT 2003"]
[Source "ChessBase"]
[SourceDate "2002.11.25"]
[SourceVersion "1"]
[SourceVersionDate "2002.11.25"]
[SourceQuality "1"]
[WhiteTeam "Engen"]
[BlackTeam "Waldkirch II"]
[WhiteTeamCountry "GER"]
[BlackTeamCountry "GER"]

1. d4 d5 2. c4 e6 3. Nf3 Nf6 4. g3 dxc4 5. Qa4+ Bd7 6. Qxc4 Bc6 7. Bg2 Be7 8. 0-0 0-0 9. Nc3 Nbd7 10. Bg5 Nb6 11. Qd3 Nfd5 12. Bxe7 Qxe7 13. e4 Nxc3 14. bxc3 Rfd8 15. Rfd1 Ba4 16. Rd2 c5 17. Rb1 Rac8 18. Rdb2 Rc7 19. Bf1 cxd4 20. cxd4 Nc4 21. Rb4 b5 22. h4 a5 23. Rxb5 Bxb5 24. Rxb5 Qd7 25. a4 Nd6 26. Rxa5 Nc4 27. Rb5 Ra8 28. e5 Rxa4 29. Qb3 Ra3 30. Rb8+ Rc8 31. Qb5 Qd8 32. Rxc8 Qxc8 33. Bxc4 Rxf3 34. Bd3 g5 35. Kg2 g4 36. Be4 Rc3 37. Qe2 Qd8 38. Qd2 Rc7 39. Qh6 Qxd4 40. Bxh7+ Kh8 41. Bf5+ Kg8 42. Qg5+ Kf8 43. Bxg4 Rc2 44. Qh6+ Ke8 45. Qf4 Qxf4 46. gxf4 f5 47. exf6 Kf7 48. Bf3 Kxf6 49. Be4 Rc4 50. Kf3 Kg7 51. h5 Rc1 52. Bg6 Kf6 53. Kg3 Rg1+ 54. Kf3 Ke7 55. Ke3 Rh1 56. Kf3 Kd6 57. Kg2 Ra1 58. h6 Ke7 59. h7 Ra8 60. Be4 Rf8 61. Kg3 Kf6 62. Kg4 Kg7 63. f3 Rc8 64. Bd3 Rc3 65. Be4 Rc4 66. Bd3 Rd4 67. Be4 Rb4 68. Kg5 Rb2 69. f5 Rb5 1/2-1/2

[Event "Freiburg/Breisgau Bezirks-ch"]
[Site "Freiburg"]
[Date "2001.09.15"]
[Round "3"]
[White "Hofrichter, Jens"]
[Black "Bomsdorf, Gerhard"]
[Result "1-0"]
[WhiteElo "2015"]
[BlackElo "1953"]
[PlyCount "107"]
[EventDate "2001.09.??"]
[EventType "swiss"]
[EventRounds "5"]
[EventCountry "GER"]
[SourceTitle "EXT 2005"]
[Source "ChessBase"]
[SourceDate "2004.11.15"]
[SourceVersion "1"]
[SourceVersionDate "2004.11.15"]
[SourceQuality "1"]

1. d4 Nf6 2. c4 g6 3. Nc3 Bg7 4. e4 0-0 5. Nf3 d6 6. Be2 e5 7. 0-0 Nc6 8. d5 Ne7 9. b4 Ne8 10. a4 f5 11. Ng5 Nf6 12. Bf3 fxe4 13. Ngxe4 Nxe4 14. Nxe4 Nf5 15. Ra3 Nd4 16. Bg4 Qh4 17. h3 Bh6 18. g3 Bxg4 19. hxg4 Qh3 20. Bxh6 Qxh6 21. Kg2 Rf7 22. g5 Qf8 23. Nf6+ Kg7 24. Rh1 Rxf6 25. gxf6+ Qxf6 26. g4 Rf8 27. Qd2 Qf4 28. Qxf4 Rxf4 29. g5 Rf5 30. Rg3 Ne2 31. Rg4 Nf4+ 32. Kf1 c6 33. dxc6 bxc6 34. Rgh4 Nh5 35. R1h3 Kf7 36. c5 dxc5 37. bxc5 Rxg5 38. Rd3 e4 39. Rd7+ Ke6 40. Rd6+ Ke5 41. Rxc6 Kd4 42. Rc8 Nf6 43. c6 Rc5 44. c7 Ke5 45. Rxh7 Nxh7 46. Re8+ Kd6 47. c8Q Rxc8 48. Rxc8 Nf6 49. Ra8 Nd5 50. Rxa7 Kc5 51. Ra5+ Kc4 52. Rxd5 Kxd5 53. Ke2 g5 54. Ke3 1-0